Strain distribution in rubber composites after tensile deformation (Record no. 69355)

MARC details
000 -LEADER
fixed length control field 00526nam a2200181Ia 4500
100 ## - MAIN ENTRY--AUTHOR NAME
Personal name Abe T
245 #0 - TITLE STATEMENT
Title Strain distribution in rubber composites after tensile deformation
260 ## - PUBLICATION, DISTRIBUTION, ETC. (IMPRINT)
Name of publisher Proceedings of the International Rubber Conference, Kobe, Japan, 1995; p135-138
650 ## - SUBJECT ADDED ENTRY--TOPICAL TERM
Topical Term Rubber composites
650 ## - SUBJECT ADDED ENTRY--TOPICAL TERM
Topical Term Tensile deformation
700 ## - ADDED ENTRY--PERSONAL NAME
Personal name Hashizume M
700 ## - ADDED ENTRY--PERSONAL NAME
Personal name Nagaki S
700 ## - ADDED ENTRY--PERSONAL NAME
Personal name Ochi M
700 ## - ADDED ENTRY--PERSONAL NAME
Personal name Shimizu I
700 ## - ADDED ENTRY--PERSONAL NAME
Personal name Takesue K
942 ## - ADDED ENTRY ELEMENTS (KOHA)
Koha item type Journals
Holdings
Withdrawn status Lost status Damaged status Not for loan Home library Current library Shelving location Date acquired Koha item type
      Journals RRII Library RRII Library Rubber chemistry 17/12/2021 Journals